Estatísticas para Cidades por Estádio de Futebol

Clique aqui para jogar o quiz

Estatísticas Gerais

  • Esse quiz foi jogado 4 788 vezes
  • A pontuação média é 12 de 20

Estatísticas das Respostas

EstádioCidade% Correto
Camp NouBarcelona
96%
Santiago Bernabéu Madrid
96%
Estádio do MaracanãRio de Janeiro
96%
Estádio de WembleyLondres
93%
Old TraffordManchester
91%
Allianz ArenaMunique
85%
Estádio da LuzLisboa
83%
AnfieldLiverpool
83%
San SiroMilão
82%
Monumental de NúñezBuenos Aires
79%
Estádio AztecaCidade do México
78%
Estádio CentenarioMontevidéu
65%
Signal Iduna ParkDortmund
57%
Allianz StadiumTurim
44%
Estádio LujnikiMoscovo
35%
Croke ParkDublin
25%
Ibrox StadiumGlasgow
20%
Estádio Primeiro de Maio RungradoPyongyang
15%
Estádio FNBJoanesburgo
12%
Estádio AzadiTeerã
12%

Distribuição das Pontuações

Percentil de Números Respondidos

Porcentagem de Pessoas com Cada Pontuação

Sua Pontuação Histórica

Você não jogou esse quiz